BLACKPINK - TYPA GIRL (all lyrics) - Statistics

General Stats
  • This quiz has been taken 299 times
  • The average score is 300 of 404
Answer Stats
% Correct
girl
99%
Typa
99%
typa
99%
I
96%
that
96%
That
96%
you
96%
You
96%
a
93%
the
92%
when
91%
make
88%
I'm
85%
wanna
84%
me
83%
like
82%
Like
82%
my
82%
your
82%
not
81%
to
81%
of
79%
money
77%
can
76%
dinner
76%
dream
76%
in
76%
up
76%
and
75%
And
75%
bring
75%
crazy
75%
If
75%
table
75%
do
74%
Got
74%
got
74%
type
74%
Type
74%
account
73%
all
73%
All
73%
bank
73%
body
73%
but
73%
figure
73%
for
72%
good
71%
Thinkin'
71%
thinkin'
71%
let
70%
on
70%
winner
70%
at
69%
Both
69%
'Cause
69%
'cause
69%
circle
69%
fire
69%
girls
69%
alone
68%
drive
68%
screen
68%
supernatural
68%
leave
67%
maybe
67%
consider
66%
liar
66%
mama
66%
what
66%
can't
65%
everybody
65%
house
65%
cold
64%
forget
64%
other
64%
nothing
63%
pre
63%
some
63%
wife
63%
is
62%
know
62%
straight
62%
freeze
61%
out
61%
sign
61%
were
61%
ball
60%
'bout
60%
say
60%
tap
60%
there's
60%
'til
60%
Chanel
59%
Didn't
59%
else
59%
these
59%
thing
59%
went
59%
as
58%
Heaven's
58%
only
58%
Put
58%
something
58%
Double
57%
felt
57%
gate
57%
hearing
57%
just
57%
That's
57%
who
57%
look
56%
love
56%
off
56%
choirs
55%
crystal
55%
into
55%
take
55%
best
54%
came
54%
check
54%
under
54%
or
53%
that'll
53%
candle
52%
cap
52%
bag
51%
Being
51%
opened
51%
shit
51%
spells
51%
back
50%
blow
50%
done
50%
quality
50%
they
50%
mean
49%
whatever
49%
wish
48%
brand
47%
mind
47%
stats
47%
don't
46%
everybody's
46%
she
46%
run
45%
same
44%
ask
43%
eye
43%
them
43%
ice up
42%
sounding
41%
laps
40%
takin'
40%
Now
36%
'round
36%
wants
35%
uppercase
34%
she's
31%
Uh
26%
du-du-dun
21%
hot
13%
du-du-du-dun
8%
No matching quizzes found
Score Distribution
Percent of People with Each Score
Percentile by Number Answered
Your Score History
You have not taken this quiz